01653nam a2200373 a 4500001001200000003000800012006001900020007001500039008004100054010001700095020001800112020002700130040002100157035002100178050002300199111007300222245009800295260003900393300002400432490005000456500014500506504005100651505007900702533015200781650002800933650002900961650002800990655002901018700001801047700002001065710001701085830005101102856012601153ebr10516784CaPaEBRm u cr cn|||||||||120112s1962 nyua sb 101 0 eng d z 62013117  z9781563478550 z9781600862618 (e-book) aCaPaEBRcCaPaEBR a(OCoLC)77428722414aQD516b.S96 1962eb2 aSymposium of the American Rocket Societyd(1961 :cPalm Beach, Fla.)10aDetonation and two-phase flowh[electronic resource] /cedited by S.S. Penner, F.A. Williams. aNew York :bAcademic Press,c1962. axii, 368 p. :bill.1 aProgress in astronautics and rocketry ;vv. 6 a"A selection of technical papers based mainly on a Symposium of the American Rocket Society held at Palm Beach, Florida, April 26-28, 1961." aIncludes bibliographical references and index.0 apt. 1. Detonations in solids, liquids, and gases -- pt. 2. Two-phase flow. aElectronic reproduction.bPalo Alto, Calif. :cebrary,d2013.nAvailable via World Wide Web.nAccess may be limited to ebrary affiliated libraries. 0aCombustionvCongresses. 0aPropellantsvCongresses. 0aExplosivesvCongresses. 7aElectronic books.2local1 aPenner, S. S.1 aWilliams, F. A.2 aebrary, Inc. 0aProgress in astronautics and rocketry ;vv. 6.40uhttp://site.ebrary.com/lib/rucke/Doc?id=10516784zAn electronic book accessible through the World Wide Web; click to view